| 000 | 00933nam a22002897a 4500 | ||
|---|---|---|---|
| 001 | BR2010004488 | ||
| 003 | BR-BrBNA | ||
| 005 | 20230928103549.0 | ||
| 007 | ta | ||
| 008 | 230509b bl.||||| |||| 00| 0 por d | ||
| 040 |
_aBR-BrBNA _bpor _cBiblioteca Nacional de Agricultura |
||
| 041 | _a(Por) | ||
| 072 | _aE14; E40 | ||
| 090 | _ E14 BR2010004488 | ||
| 110 | 1 |
_aSindicato e Organização das Cooperativas do Estado do Paraná, Curitiba (Brasil) _99536 |
|
| 245 | 1 | _aPesquisa: competitividade estratégica das cooperativas do Paraná, visando o aumento das exportações de produtos agroindustrializados | |
| 260 | 3 |
_aCuritiba, PR (Brasil): _c1998. |
|
| 300 | _a51 p. | ||
| 500 | _a9 tables | ||
| 650 | _aPESQUISA DE MERCADO | ||
| 650 | _aINDÚSTRIA AGRÍCOLA | ||
| 650 | _aCOOPERATIVA DE PRODUTORES | ||
| 650 | _aMERCADO NACIONAL | ||
| 650 | _aLOGÍSTICA | ||
| 909 |
_a202309 _bLucia _c55 _dLucia Elande |
||
| 942 | _cBK | ||
| 999 |
_c75624 _d75624 |
||